| 000 | 00612mam a2200169 a 4500 | ||
|---|---|---|---|
| 020 | _a0074623494 | ||
| 082 |
_a624.2 _bRAI _c39-p-182 |
||
| 100 | 1 |
_aRaina, V. K. _943351 |
|
| 245 | 1 | 0 |
_aConcrete bridges : _binspection, repair, strengthening, testing and load capacity evaluation / _cV.K. Raina. |
| 260 |
_aNew York : _bMcGraw-Hill, _cc1996. |
||
| 300 |
_axxi, 493 p. : _bill. ; _c29 cm. |
||
| 526 |
_a0 _b0 _c0 _d624_200000000000000_RAI |
||
| 526 |
_a0 _b0 _c0 _d624_200000000000000_RAI |
||
| 650 | 0 |
_aConcrete bridges _xMaintenance and repair. _923404 |
|
| 650 | 0 |
_aConcrete bridges _xTesting. _943352 |
|
| 942 |
_2ddc _cBK |
||
| 999 |
_c547171 _d547171 |
||